Statistics for Linkin Park Music Videos

Click here to take the quiz!

General Stats

  • This quiz has been taken 84 times
  • The average score is 21 of 34

Answer Stats

HintAnswer% Correct
meteoranumb
96%
hybrid theoryin the end
94%
hybrid theorypapercut
91%
hybrid theorycrawling
89%
meteorafaint
89%
hybrid theoryone step closer
89%
single (transformers)new divide
83%
one more lightone more light
83%
minutes to midnightbleed it out
81%
minutes to midnightwhat ive done
80%
meteorasomewhere i belong
79%
living thingsburn it down
74%
meteorabreaking the habit
73%
one more lightheavy
73%
living thingscastle of glass
70%
minutes to midnightgiven up
69%
meteorafrom the inside
67%
hybrid theorypoints of authority
66%
minutes to midnightleave out all the rest
64%
living thingslost in the echo
63%
minutes to midnightshadow of the day
61%
a thousand sunsthe catalyst
59%
a thousand sunswaiting for the end
59%
the hunting partyfinal masquerade
56%
one more lightgood goodbye
50%
rechargeda light that never comes
46%
one more lighttalking to myself
46%
hybrid theorycure for the itch
44%
a thousand sunsiridescent
39%
the hunting partyuntil its gone
39%
singlenot alone
24%
reanimationPts.Of.Athrty
11%
rechargeddarker than blood
9%
single (2021)one step closer (100 gecs reanimation)
4%

Score Distribution

Percentile by Number Answered

Percent of People with Each Score

Your Score History

You have not taken this quiz